KOHA-Header-6

NEC 199 National Electrical Code Handbook (Record no. 8552)

000 -LEADER
fixed length control field 00284nam a2200109Ia 4500
100 ## - MAIN ENTRY--AUTHOR NAME
Personal name Earley, Mark W.
245 #0 - TITLE STATEMENT
Title NEC 199 National Electrical Code Handbook
260 ## - PUBLICATION, DISTRIBUTION, ETC. (IMPRINT)
Place of publication London
Name of publisher World Scientific
Year of publication 2002
300 ## - PHYSICAL DESCRIPTION
Number of Pages 936
942 ## - ADDED ENTRY ELEMENTS (KOHA)
Koha item type Books
Holdings
Withdrawn status Lost status Collection code Permanent Location Current Location Shelving location Date acquired Full call number Accession Number Koha item type
    Dictionaries MAJU MAJU Shelf No.B28 2019-09-14 621.2 3330 DICTIONARY

Powered by Koha